000 00460nam a2200169Ia 4500
008 230718s9999 xx 000 0 und d
020 _a9780008133610
041 _aeng
082 _a363.32
_bSTE
100 _aStern J.
_9199102
245 _aISIS : The State Of Terror
260 _c2015
_bWilliam Collins
300 _a385
365 _cRs.
_b450.00
700 _aStern J. & Berger J.M.
_9199103
906 _dO:0515627-Jun-2016B:174421-Jun-2016
_cGENRL
_b99
999 _c342262
_d342262